Portraits in oils / (Record no. 17580)

000 -LEADER
fixed length control field 00978cam a2200277 a 4500
001 - CONTROL NUMBER
control field 3041540
005 - DATE AND TIME OF LATEST TRANSACTION
control field 20161128100050.0
008 - FIXED-LENGTH DATA ELEMENTS--GENERAL INFORMATION
fixed length control field 950524s1994 enka 001 0 eng
010 ## - LIBRARY OF CONGRESS CONTROL NUMBER
LC control number 95156917
020 ## - INTERNATIONAL STANDARD BOOK NUMBER
International Standard Book Number 0289801206
040 ## - CATALOGING SOURCE
Original cataloging agency DLC
Transcribing agency DLC
050 00 - LIBRARY OF CONGRESS CALL NUMBER
Classification number ND1302.R6 1994
Item number .R6 1994
082 00 - DEWEY DECIMAL CLASSIFICATION NUMBER
Edition number 20
100 1# - MAIN ENTRY--PERSONAL NAME
Personal name Rodwell, Jenny.
245 10 - TITLE STATEMENT
Title Portraits in oils /
Statement of responsibility, etc. Jenny Rodwell.
260 ## - PUBLICATION, DISTRIBUTION, ETC. (IMPRINT)
Place of publication, distribution, etc. London :
Name of publisher, distributor, etc. Studio Vista ;
Place of publication, distribution, etc. New York, NY :
Name of publisher, distributor, etc. Distributed in the U.S. by Sterling Pub.,
Date of publication, distribution, etc. 1994.
300 ## - PHYSICAL DESCRIPTION
Extent 95 p. :
Other physical details col. ill. ;
Dimensions 29 cm.
500 ## - GENERAL NOTE
General note "Studio Vista guide."
500 ## - GENERAL NOTE
General note Includes index.
650 #0 - SUBJECT ADDED ENTRY--TOPICAL TERM
Topical term or geographic name as entry element Portrait painting
General subdivision Technique.
906 ## - LOCAL DATA ELEMENT F, LDF (RLIN)
a 7
b cbc
c orignew
d 3
e ncip
f 19
g y-gencatlg
942 ## - ADDED ENTRY ELEMENTS (KOHA)
Source of classification or shelving scheme
Koha item type Hard Covered Materials
Classification part ND1302.R6 1994
Holdings
Withdrawn status Lost status Source of classification or shelving scheme Damaged status Not for loan Home library Current library Shelving location Date acquired Total Checkouts Full call number Barcode Date last seen Price effective from Koha item type
          MACHAKOS UNIVERSITY LIBRARY MACHAKOS UNIVERSITY LIBRARY Open shelf 28/11/2016   ND1302.R6 1994 28864 28/11/2016 28/11/2016 Hard Covered Materials
© Machakos University Library, Along The Highway, Machakos Wote Rd, Machakos, Kenya P.O. Box 136 - 90100 Machakos - Kenya

Tel: ( +254 ) 723 805829 OR Fax : 044-20353 OR Email: library@mksu.ac.ke